The medieval cult of Saint Dominic of Silos /

Bibliographic Details
Main Author: Lappin, Anthony
Format: Book
Language:English
Published: Leeds : Maney Pub. for the Modern Humanities Research Assoc., 2002.
Series:Texts and dissertations ; v. 56.
Subjects:

MARC

Tag First Indicator Second Indicator Subfields
LEADER 00000cam a2200000 a 4500
001 in00001799521
005 20151025181900.0
008 020924s2002 enka b 001 0deng c
020 |a 1902653912 
035 |a (OCoLC)ocm50659983 
040 |a STF  |c STF  |d TXA  |d UtOrBLW 
042 |a pcc 
049 |a TXAM 
050 4 |a BX4700.D7  |b L37 2002 
100 1 |a Lappin, Anthony. 
245 1 4 |a The medieval cult of Saint Dominic of Silos /  |c by Anthony Lappin. 
264 1 |a Leeds :  |b Maney Pub. for the Modern Humanities Research Assoc.,  |c 2002. 
300 |a xii, 445 pages :  |b illustrations ;  |c 23 cm. 
336 |a text  |b txt  |2 rdacontent 
337 |a unmediated  |b n  |2 rdamedia 
338 |a volume  |b nc  |2 rdacarrier 
490 1 |a MHRA texts and dissertations ;  |v v. 56 
504 |a Includes bibliographical references (pages [413]-429) and index. 
600 0 0 |a Dominic,  |c of Silos, Saint,  |d -1073. 
650 0 |a Saints  |x Cult  |z Spain  |x History. 
830 0 |a Texts and dissertations ;  |v v. 56. 
948 |a cataloged  |b h  |c 2004/2/19  |d c  |e jgreene  |f 12:23:19 pm 
994 |a E0  |b TXA 
999 |a MARS 
999 f f |s 5621b735-3178-3134-a63c-bd41d4e879b3  |i 7524e8ef-6f4b-31e8-9c5c-606e42b42b1f  |t 0 
952 f f |p normal  |a Texas A&M University  |b College Station  |c Sterling C. Evans Library  |d Evans: Library Stacks  |t 0  |e BX4700.D7 L37 2002  |h Library of Congress classification  |i unmediated -- volume  |m A14831068274 
998 f f |a BX4700.D7 L37 2002  |t 0  |l Evans: Library Stacks